| 000 | 00486nam a2200181Ia 4500 | ||
|---|---|---|---|
| 003 | GCL | ||
| 008 | 140319s9999 xx 000 0 eng d | ||
| 040 |
_aGCL / _cGCL |
||
| 082 | 0 | 4 |
_a920 _bL C |
| 100 | 1 | _aLOTI, PIERRE | |
| 245 | 1 | 0 |
_aCETTE ETERNELLE NOSTALGIE JOURNAL IN TIME ( 1878 - 1911 ) / _cLOTI, PIERRE |
| 700 | 1 | _aVERCIER, BRUNE | |
| 260 |
_a[S.N] : _bLA TABLE RONDE ، _c1997 |
||
| 300 | _a585 P | ||
| 650 | 0 | 4 | _aLOTI, PIERRE |
| 650 | 0 | 4 | _aAUTOBIOGRAPHIES |
| 942 |
_2ddc _cBK |
||
| 999 |
_c16226 _d16226 |
||